Сенс життя (Запис № 402760)

МАРК-запис
000 -Лідер
fixed length control field 00976nam a22002537a 4500
001 - Контрольний номер
control field 116837
003 - Ідентифікатор контрольного номера
control field UA-OsUOA
005 - Дата та час останнього входження (трансакції)
control field 20260304112240.0
007 - Фіксоване поле фізичного опису
fixed length control field ta
008 - Елементи даних фіксованої довжини – загальна інформація
fixed length control field 20160411b un ||||| |||| 00| 0 ukr d
020 ## - Міжнародний стандартний книжковий номер (ISBN)
Міжнародний стандартний книжковий номер (ISBN) (НП) 5869000157
040 ## - Джерело каталогізації
Агенція оригінальної каталогізації UA-OsUOA
Мова каталогізації ukr
Агенція, яка здійснювала перезапис UA-OsUOA
Агенція, яка здійснювала модифікацію UA-OsUOA
041 ## - Код мови
Код мови тексту/ звукової доріжки чи окремого заголовка (П) ukr
080 ## - Індекс Універсальної десяткової класифікації
Індекс Універсальної десяткової класифікації (УДК) (НП) 82-94
090 ## - Локальний шифр розміщення
Класифікаційний індекс УДК 82-94
Авторський знак (НП) К75
100 ## - Основне введення – ім’я особи
Ім’я особи (НП) Кох Б.
9 (RLIN) 23247
245 ## - Відомості про назву
Назва (НП) Сенс життя
Решта назви (НП) спогади
Дані про відповідальність (НП) Богдан Кох
260 ## - Публікація, розповсюдження і т.п. (Вихідні дані)
Місце публікації, розповсюдження і т.п. (П) Львів
-- Республіка Комі
-- Дубно
Ім’я/ наймення видавництва, розповсюджувача і т.п. (П) Піраміда
Дата публікації, розповсюдження і т.п. (П) 2003
300 ## - Фізичний опис
Обсяг 124 с.
650 #7 - Додаткове предметне введення – тематичний термін
Тематичний термін чи географічна назва, як елемент введення (НП) 82-94 Історія як літературний жанр. Історичні твори. Історіографія. Хроніки. Аннали, літописи. Мемуари. Спогади. Щоденники. Біографії. Автобіографії
Джерело заголовка чи терміна UDC
9 (RLIN) 23248
942 ## - Додаткові елементи входу (Коха)
Тип елемента Koha Книги
Source of classification or shelving scheme Universal Decimal Classification
955 ## - Код типу видання за змістом
Код типу видання за змістом (НП) Літературно-художні видання
Фонди
Стан вилучень Стан втрат Джерело класифікації або схеми стелажів Стан уражень Не для кредиту Постійне місце розташування Поточне розміщення Дата придбання Джерело придбання Вартість, звичайна ціна покупки Інвентарний номер Усього замовленно Повний номер виклику Штрих-код Дата останнього перегляду Ціна ефективна від Тип елемента Koha Код колекції Вартість, ціна заміни
    Universal Decimal Classification     АБ - Абонемент НБ АБ - Абонемент НБ 11/04/2016 15/2016 15.00 150918   82-94 К75 150918 10/02/2022 11/04/2016 Книги    
    Universal Decimal Classification     АБ - Абонемент НБ АБ - Абонемент НБ 23/02/2026 №05/16.02.2026 15.00     82-94 К75 169382 23/02/2026 23/02/2026 Книги Колекція Шевчука Валерія 15.00